La represión cultural en el franquismo : (Record no. 81970)

MARC details
000 -LEADER
campo de control de longitud fija 00869nam a2200253 i 4500
001 - NÚMERO DE CONTROL
campo de control 81970
003 - IDENTIFICADOR DE NÚMERO DE CONTROL
campo de control ES-MaACL
005 - FECHA Y HORA DE LA ÚLTIMA TRANSACCIÓN
campo de control 20230906174541.0
007 - CAMPO FIJO DE DESCRIPCIÓN FÍSICA--INFORMACIÓN GENERAL
campo de control de longitud fija t|
008 - DATOS DE LONGITUD FIJA--INFORMACIÓN GENERAL
campo de control de longitud fija 041117s2002 sp ||||1| spa d
020 ## - NÚMERO INTERNACIONAL ESTÁNDAR DEL LIBRO
Número Internacional Estándar del Libro 84-339-2555-5
080 ## - NÚMERO DE LA CLASIFICACIÓN DECIMAL UNIVERSAL
Número de la Clasificación Decimal Universal 351.751.5(460)"1939/75"
100 1# - ENTRADA PRINCIPAL--NOMBRE DE PERSONA
Nombre de persona Cisquella, Georgina.
9 (RLIN) 38930
245 13 - MENCIÓN DEL TÍTULO
Título La represión cultural en el franquismo :
Resto del título diez años de censura de libros durante la Ley de Prensa (1966-1976) /
Mención de responsabilidad, etc. Georgina Cisquella, José Luis Erviti, José A. Sorolla.
260 ## - PUBLICACIÓN, DISTRIBUCIÓN, ETC.
Lugar de publicación, distribución, etc. Barcelona :
Nombre del editor, distribuidor, etc. Anagrama,
Fecha de publicación, distribución, etc. [2002]
300 ## - DESCRIPCIÓN FÍSICA
Extensión 225 p. ;
Dimensiones 22 cm.
490 1# - MENCIÓN DE SERIE
Mención de serie Crónicas Anagrama ;
Designación de volumen o secuencia 55
650 #4 - PUNTO DE ACCESO ADICIONAL DE MATERIA--TÉRMINO DE MATERIA
Término de materia o nombre geográfico como elemento de entrada Censura-
Subdivisión geográfica España-
Subdivisión cronológica 1939-1975.
9 (RLIN) 10879
700 1# - ENTRADA AGREGADA--NOMBRE PERSONAL
Nombre de persona Erviti, José Luis.
9 (RLIN) 47442
700 1# - ENTRADA AGREGADA--NOMBRE PERSONAL
Nombre de persona Sorolla, José A.
9 (RLIN) 107420
830 1# - PUNTO DE ACCESO ADICIONAL DE SERIE-TÍTULO UNIFORME
Título uniforme Crónicas Anagrama ;
Designación de volumen o secuencia 55
9 (RLIN) 180220
852 4# - LOCALIZACIÓN
Ubicación ES-MaACL
Número de control de estantería L-28475
Holdings
Estatus retirado Estado de pérdida Estado de daño No para préstamo Biblioteca de origen Biblioteca actual Ubicación en estantería Fecha de adquisición Fuente de adquisición Total de préstamos Signatura topográfica completa Código de barras Visto por última vez Precio de reemplazo Tipo de ítem Koha
        Biblioteca del Ateneo de Madrid Biblioteca del Ateneo de Madrid Depósito 2 17/01/2008     L-28475 1085675 23/02/2023 23/02/2023 Libro impreso